AJR Charting Songs (Billboard Hot 100) - Statistics

General Stats
  • This quiz has been taken 549 times
    307 since last reset
  • The average score is 4 of 6
Answer Stats
Album Weeks On Peak Song % Correct
OK Orchestra 35 Weeks #8 Bang!
91%
OK Orchestra 3 Weeks #91 World's Smallest Violin
82%
The Click 11 Weeks #73 Weak
74%
Living Room 11 Weeks #65 I'm Ready
67%
The Click (Deluxe Edition) 1 Week #100 Burn The House Down
65%
OK Orchestra 17 Weeks #54 Way Less Sad
56%
No matching quizzes found
Score Distribution
Percent of People with Each Score
Percentile by Number Answered
Your Score History
You have not taken this quiz since the last reset